| 000 | 00590nam a2200181Ia 4500 | ||
|---|---|---|---|
| 008 | 130821s2005 ck gr spa | ||
| 020 | _a9588281008 | ||
| 040 |
_aCo-BoUCM _bspa |
||
| 041 | 0 | 0 | _aspa |
| 110 | 1 |
_aGonzález, Fernando _d1895-1964. _9162729 |
|
| 245 | 1 | 3 |
_aEl payaso interior _cFernando González |
| 260 |
_aMedellín (Antioquia, Colombia) _bUniversidad EAFIT _c2005 |
||
| 300 | _a107 páginas | ||
| 650 | 0 | 4 |
_aEnsayos colombianos _914557 |
| 650 | 0 | 4 |
_aLiteratura colombiana _918629 |
| 942 |
_cLIBRO _a18 _e1 _kC _mG643p _2DEWEY _h864.42 |
||
| 999 |
_c49678 _d49678 |
||